Les animaux - Sans voyelles - Statistiques

Statistiques générales
  • Ce quiz a été pris 45 fois
  • Le résultat moyen est 23 sur 25
Statistiques - réponses
Indice Réponse % Correct
CHT Chat
100%
CHVL Cheval
100%
CHN Chien
100%
CRCDL Crocodile
100%
GRF Girafe
100%
LPN Lapin
100%
SRPNT Serpent
100%
SNG Singe
100%
TGR Tigre
100%
VCH Vache
100%
ZBR Zèbre
100%
CCHN Cochon
98%
LPHNT Eléphant
98%
KNGR Kangourou
98%
RQN Requin
98%
LN Lion
95%
PNGN Pingouin
95%
BLN Baleine
93%
HB Hibou
93%
MTN Mouton
93%
PND Panda
88%
GRNLL Grenouille
85%
TRT Tortue
85%
DLPHN Dauphin
73%
GL Aigle
38%
Aucun quiz correspondant
Distribution des résultats
% des personnes avec chaque résultat
Percentile par nombre de réponses
Votre historique - résultats
Vous n’avez pas pris ce quiz